Manažérstvo zberu odpadov

Vysvetlenie pojmu odpadové hospodárstvo. Hlavná úloha pri manažérstve zberu odpadu a jej štyri hlavné prvky. Triedenie odpadu. Nakladanie s biologicky rozložiteľnými odpadmi.

Gespeichert in:
Bibliographische Detailangaben
1. Verfasser: Stričík, Michal, 1969-
Weitere Verfasser: Čonková, Monika, 1976-
Format: Buchkapitel
Sprache:Slowakisch
Schlagworte:
Tags: Tag hinzufügen
Keine Tags, Fügen Sie das erste Tag hinzu!

MARC

LEADER 00000naa a2200000 4500
001 0268695
005 20240502074218.3
041 0 |a slo 
044 |a SK 
245 1 0 |a Manažérstvo zberu odpadov  |c Michal Stričík, Monika Čonková 
520 |a Vysvetlenie pojmu odpadové hospodárstvo. Hlavná úloha pri manažérstve zberu odpadu a jej štyri hlavné prvky. Triedenie odpadu. Nakladanie s biologicky rozložiteľnými odpadmi. 
610 2 0 |a odpad 
610 2 0 |a hospodárstvo odpadové 
610 2 0 |a politika environmentálna 
610 2 0 |a recyklácia odpadu 
100 1 |a Stričík, Michal, 1969- 
700 1 |a Čonková, Monika, 1976-